000 01189nam a2200337Ia 4500
005 20220317001755.0
008 170328s2014 m a g 000 j s
020 _a9786071619280
041 _aspa
100 1 _aBrowne, Anthony
_d1946-
245 1 0 _aQuétal si ?
_cAnthony Browne ; traducción de Laura Emilia Pacheco
250 _aPrimera edición
300 _a[27] páginas
_bilustraciones a color
_c30 cm
490 _aLos especiales de A la orilla del viento
521 _aRecomendado desde los 6 años
534 _tWhat if...?
650 1 4 _2LEMB
_aCuentos infantiles ingleses
_ySiglo XX
650 1 4 _2LEMB
_aLiteratura infantil inglesa
_ySiglo XX
650 1 4 _2LEMB
_aImaginación en la literatura
650 1 4 _2LEMB
_aNiños en la literatura
650 1 4 _2LEMB
_aMiedo en la literatura
650 1 4 _2LEMB
_aFiestas infantiles en la literatura
700 1 _aPacheco, Laura Emilia
_etraductora
_9101039
942 _2loc
_cBKINF
264 _aMéxico
_bFondo de Cultura Económica
_c2014
336 _atexto
_btxt
_2rdacontent
337 _asin mediación
_bn
_2rdamedia
338 _avolumen
_bnc
_2rdacarrier
040 _aCO-BoRNBP
_bspa
_erda
_cCO-BoRNBP
084 _aC BRO1
999 _c8049
_d8049